000 00543nam a2200217Ia 4500
005 20240805093418.0
008 131103s9999 xx 000 0 und d
020 _a194370976
040 _aLoreto College
041 _aEnglish
082 _a822.07
_bWES
100 _aWessels, Charlyn
245 _aDrama
_cCharlyn Wessels
260 _aLondon
_bOxford University
_c1987
300 _a137p.
440 _aResouece Books for Teachers
504 _aIncludes bibliography
650 _aEnglish drama
850 _aLCBED
942 _cBK
999 _c30084
_d80563